000 00463nam a22001457a 4500
003 OSt
005 20260324105312.0
008 211124b ||||| |||| 00| 0 eng d
040 _cAIMIT LIBRARY
100 _aFernandes, Shawn; B S, Nausheeda.
_d181718
_910816
245 _aJob Portal Web Scraper /
260 _aMangalore Infotech Solutions Private Limited, Pandeshwar Mangalore.
_bNausheeda B S.
_c2021
856 _uwww.mangaloreinfotech.in
942 _2ddc
_cPRO
999 _c220762
_d220762